00931nam a22002417a 450000100060000000300080000600500170001400800410003103500190007204000260009104100080011708200220012510000280014724501450017526000320032030000210035249000380037365000730041170000270048494200120051199900170052395201490054020193BD-RjUL20211209000531.0140227s1966 enk 000 0 eng d a(BD-RjUL)20255 aBD-RjULbengcBD-RjUL aeng a828.309bHAF 19661 aHarvey, Gabriel.962234 aFovre letters and certeine sonnets, especially touching Robert Greene : band other parties by him abused, 1592 /cedited by G. B. Harrison. aLondon :bEdinburgh,c1966. a102 p. ;c19 cm.1 aElizabethan and Jaccobean Quartos 0aGreene, Robert, v Quip for an upstart courtier.y1558?-1592.9622351 aHarrison, G. B.954116 2ddccBK c20193d20193 00102ddc40718FICaRUCLbRUCLcReadingd1968-06-24eSweets & Zaitlingerg21.00l0o828.309 HAF 1966r2014-02-27 00:00:00tC-1w2014-02-27yBK